000 00578nam a22001937a 4500
003 OSt
005 20161202182118.0
008 161202b xxu||||| |||| 00| 0 eng d
020 _a9780521860451
040 _cDDC
082 _a531.14 APP 2009
100 _aEdited by Daniele, Oriti
_911339
245 _aApproaches to Quantum Gravity: towards a new understanding of space, time and matter
260 _aCambridge University Press, 2009
300 _axix,583p; ill: 26cm
504 _aReferences, & index included
650 _aQuantum gravity
_911340
942 _2z
_cO_SHELF
999 _c5426
_d5426